| 000 | 00375nam a2200145Ia 4500 | ||
|---|---|---|---|
| 008 | 150201s2013 xx 000 0 und d | ||
| 082 |
_a610.734 _bC13S |
||
| 100 | _aSHARMA, SURESH K. | ||
| 245 | _aCOMMUNICATION & EDUCATIONAL TECHNOLOGY IN NURSING | ||
| 250 | _a1ST | ||
| 260 |
_bELSEVIER _aINDIA _c2013 |
||
| 300 | _a469 | ||
| 650 | _aCOMMUNITy NURSING | ||
| 942 |
_2ddc _cBK _03 |
||
| 999 |
_c2325 _d2325 |
||